[Event "BL 2016-17"]
[Site "Berlin"]
[Date "2017.04.30"]
[Round "14"]
[White "Loxine, Jakov"]
[Black "Spitzl, Vinzent"]
[Result "1/2-1/2"]
[WhiteElo "2406"]
[BlackElo "2280"]
[Annotator "TA"]
[PlyCount "40"]
[EventDate "2017.??.??"]
[EventType "team-tourn"]
[EventCountry "GER"]
[SourceTitle "playchess.com"]
[Source "ChessBase"]
[SourceQuality "1"]
[WhiteTeam "TU Dresden"]
[BlackTeam "Griesheim"]

{[%evp 23,40,0,14,0,0,0,-8,-27,-25,-42,-18,-24,24,-21,33,-30,-3,0,12]} 1. Nf3 d5 2. e3 Nf6 3. b3 Bf5 4. Bb2 e6 5. d3 h6 6. Nbd2 Be7 7. g3 O-O 8. Bg2 Nbd7 9. O-O c6 10. Qe2 Bh7 11. a3 a5 12. e4 Qc7 13. Rfd1 $146 {A07: Réti Opening: New York and Capablanca Systems} ({Predecessor (4):} 13. Rfe1 b5 14. Nd4 e5 15. Nf5 Bxf5 16. exf5 Bc5 17. c3 Rfe8 18. b4 Bd6 19. Qd1 Nb6 20. Qc2 c5 21. bxa5 Rxa5 {½-½ (82) Gomes,M (2316)-Deepan Chakkravarthy,J (2483) Sharjah 2017}) 13... b5 {[%cal Bb7b5,Bb5b4][%mdl 32]} 14. e5 Ne8 $1 15. Nf1 Qb7 16. g4 b4 17. a4 c5 {[%cal Bc6c5,Bc5c4][%mdl 32]} 18. Ng3 Rc8 ({Black should play} 18... Qb8 $11) 19. Bc1 (19. h4 $14) 19... Qc7 20. h4 c4 1/2-1/2

[Event "BL 2016-17"]
[Site "Berlin"]
[Date "2017.04.30"]
[Round "14"]
[White "Koop, Thorben"]
[Black "Baldauf, Marco"]
[Result "1/2-1/2"]
[WhiteElo "2398"]
[BlackElo "2456"]
[Annotator "TA"]
[PlyCount "70"]
[EventDate "2017.??.??"]
[EventType "team-tourn"]
[EventCountry "GER"]
[SourceTitle "playchess.com"]
[Source "ChessBase"]
[SourceQuality "1"]
[WhiteTeam "Werder Bremen"]
[BlackTeam "SF Berlin"]

{[%evp 13,70,23,22,8,14,-17,-2,-6,-31,-64,-4,0,0,-2,14,19,34,69,67,8,139,35,31,33,39,26,25,18,37,41,39,41,38,37,49,29,50,16,38,14,19,0,0,-8,-8,-10,0,-6,-3,-3,-3,-3,-3,-3,-3,-10,-7,-8,-6]} 1. d4 Nf6 2. c4 g6 3. Nc3 d5 4. Bg5 Ne4 5. Bh4 Nxc3 6. bxc3 dxc4 7. e3 Be6 8. Be2 {D80: Grünfeld: Unusual White 4th moves and 4 Bg5} (8. Nf3 Bg7 9. Qb1 b6 10. Ng5 Bd5 11. e4 h6 12. exd5 hxg5 13. Qb5+ Qd7 14. Qxd7+ Nxd7 15. Bxg5 b5 16. a4 b4 17. Rc1 bxc3 18. Rxc3 {½-½ (30) Radjabov,T (2722)-Van Wely,L (2674) Monzon 2016}) 8... Nd7 9. d5 Bf5 10. Qd4 Rg8 $1 {White must now prevent ...b5.} 11. Rd1 $146 (11. Qxc4 Nb6 12. Qb5+ Qd7 13. Nf3 Bg7 14. Nd4 Qxb5 15. Bxb5+ Kf8 16. Nxf5 gxf5 {0-1 (62) Benidze,D (2480)-Savchenko,B (2602) Canakkale 2016}) 11... Bg7 ({Black should play} 11... g5 $15 12. Bg3 b5) 12. Qxc4 $11 Nb6 $1 {[%cal Rb6c4]} 13. Qb3 Qd6 14. Nf3 Qc5 15. O-O Bd7 {Threatening ...Ba4.} ({Not} 15... Bxc3 $2 16. Rc1 $18) 16. Rb1 (16. Rd2 $14) 16... Bf5 {[#]} ({Don't play} 16... Qxc3 17. Qxc3 Bxc3 18. Rfc1 $16) (16... Qxd5 $11 17. Qb4 Qd6) 17. Bb5+ ({White must play} 17. e4 $1 $16 {[%cal Re4f5]} Bxe4 18. Bb5+ c6 {[#]} 19. dxc6 $1 {[%mdl 512]} bxc6 20. Rfe1 cxb5 21. Rxe4) 17... c6 $1 $14 18. dxc6 bxc6 19. Qb4 (19. e4 $5 {feels hotter.} Be6 20. Qb4 Qxb4 21. Bxc6+ Bd7 22. Bxd7+ Kxd7 23. cxb4 Rgc8 24. e5) 19... Qxb4 20. Bxc6+ Kf8 21. cxb4 Bxb1 22. Bxa8 ({Much weaker is} 22. Rxb1 Rc8 23. b5 f6 $15) 22... Bxa2 23. Bc6 Bc4 24. Rd1 {[%cal Rd1d8]} f6 25. Ra1 a6 $1 26. Nd2 Be2 {The position is equal.} 27. f3 Kf7 28. Be1 Rc8 29. Kf2 Bd3 30. Rc1 Bb5 31. Bd5+ $1 e6 32. Rxc8 Nxc8 33. Bb3 Nb6 34. Ne4 Bf8 35. Bc3 Be7 1/2-1/2

[Event "BL 2016-17"]
[Site "Berlin"]
[Date "2017.04.30"]
[Round "14"]
[White "Fruebing, Stefan"]
[Black "Kollars, Dmitrij"]
[Result "1/2-1/2"]
[WhiteElo "2392"]
[BlackElo "2500"]
[Annotator "TA"]
[PlyCount "140"]
[EventDate "2017.??.??"]
[EventType "team-tourn"]
[EventCountry "GER"]
[SourceTitle "playchess.com"]
[Source "ChessBase"]
[SourceQuality "1"]
[WhiteTeam "König Tegel"]
[BlackTeam "Hamburger SK"]

{[%evp 17,140,27,26,22,29,0,15,-14,-18,-3,-5,-16,-20,-56,-43,-44,-47,-41,-45,-33,-49,-41,-41,-44,-16,-8,12,0,0,12,0,5,104,114,110,0,0,0,0,0,8,8,35,0,31,32,28,20,20,39,27,5,15,0,12,0,11,10,21,14,27,-83,-77,-111,-107,-97,-94,-96,-96,-95,-47,-95,-95,-85,-79,-80,-82,-93,-99,-106,-84,-84,-37,-53,-11,-11,-11,-11,-11,-11,-11,-11,-11,-11,0,0,0,0,0,0,0,0,0,0,0,0,0,0,0,0,0,0,0,0,0,0,0,0,0,0,0,-8,-8,-8,0]} 1. e4 e5 2. Nf3 Nc6 3. Bc4 Nf6 4. d3 Be7 5. O-O O-O 6. Re1 d6 7. a4 Be6 8. Nbd2 Qd7 9. c3 Rfe8 {LiveBook: 22 Games. C55: Two Knights: 4 d3, 4 d4 exd4 5 e5 and Max Lange Attack} (9... h6 10. b4 Nh7 11. b5 Na5 12. Bxe6 fxe6 13. Nc4 Nxc4 14. dxc4 Nf6 15. Ba3 Rad8 16. Qe2 b6 17. a5 {½-½ (52) Stevic,H (2608)-Postny,E (2619) Baku 2016}) 10. Qb3 Nd8 11. d4 $146 (11. Ng5 Bxc4 12. Nxc4 h6 13. Nf3 c6 14. h3 Ne6 15. a5 Bd8 16. Qc2 Bc7 17. Be3 {½-½ (47) Wosch,A (2197)-Sanner,Z (2195) LSS email 2012}) 11... exd4 12. Nxd4 Bxc4 13. Qxc4 Bf8 14. Qd3 Ne6 15. Nxe6 Rxe6 16. c4 Rae8 17. b3 Qc6 {[%cal Rf6e4]} 18. f3 {[#]} d5 $1 {[%mdl 512]} 19. cxd5 Nxd5 {aiming for ...Nb4.} 20. Nc4 Nb4 21. Qd2 f5 {[%cal Rf5e4]} 22. Ba3 Qc5+ 23. Kh1 fxe4 24. fxe4 {[%cal Bf3e4,Be4e5][%mdl 32]} c6 {[#]} (24... Rxe4 $2 25. Rxe4 Rxe4 26. Bxb4 $18) (24... a5 $11) 25. e5 $1 $16 a5 {and if ...Qd5 works, Black does fine.} 26. Re4 ({Better is} 26. Rad1 $16) 26... b5 $11 27. Nxa5 {[%cal Ra3b4]} Qc2 $36 {[%mdl 2048] Black is pushing.} 28. Qe2 bxa4 29. bxa4 (29. Bxb4 Qxe2 30. Rxe2 Bxb4 $17) 29... Qxa4 30. Bb2 Qb5 {Threatening ...Nd3.} 31. Nc4 Nd5 32. h3 Nb6 33. Nxb6 Qxb6 34. Bd4 Qb5 35. Qe3 Qd5 36. Bc3 R6e7 37. Qe2 g6 38. Rd1 Qb3 39. Bb4 (39. Rc4 $11 {keeps the balance.}) 39... Rxe5 $1 $17 40. Qc4+ Qxc4 41. Rxc4 Bxb4 42. Rxb4 Re1+ 43. Rxe1 Rxe1+ {[%mdl 4096] Endgame KR-KR} 44. Kh2 Kf7 45. Kg3 Ke6 46. Rb7 h5 47. Rg7 {[#]} Kf6 $1 {[%cal Rf6g7]} 48. Rc7 Re6 49. Kf4 g5+ 50. Kf3 h4 51. g3 {The position is equal.} hxg3 52. Kxg3 Re3+ 53. Kg4 Re4+ 54. Kg3 Rc4 55. Rc8 Kf5 56. Rf8+ Ke4 57. Kg4 Rc5 {Strongly threatening ...Re5.} 58. Rf6 Kd3 59. Rg6 Ke2 60. Rf6 (60. Rxg5 Rxg5+ 61. Kxg5 c5 62. h4 c4 63. h5 c3 64. Kg6 c2 65. Kg7 c1=Q 66. Kf6 Qh6+ 67. Ke7 Qxh5 68. Ke6 Kd3 69. Kd6 Kd4 70. Ke6 Kc5 71. Kf6 Kd6 72. Kg7 Ke7 73. Kg8 Kf6 74. Kf8 Qh8#) 60... Ke3 61. Kh5 Kd2 62. Rg6 Kd3 63. Kg4 (63. Rxg5 {leads to mate.} Rxg5+ 64. Kxg5 c5 65. h4 c4 66. Kg6 c3 67. h5 c2 68. h6 c1=Q 69. h7 Qc3 70. Kf5 Qh8 71. Ke6 Qxh7 72. Ke5 Qe7+ 73. Kd5 Kc3 74. Kc6 Kc4 75. Kb6 Qd7 76. Ka6 Kc5 77. Ka5 Qb5#) 63... Ke4 64. Rf6 (64. Rxg5 Rxg5+ 65. Kxg5 c5 66. Kh5 c4 67. Kg6 c3 68. h4 c2 69. h5 c1=Q 70. h6 Qc6+ 71. Kg7 Kf5 72. h7 Qc7+ 73. Kg8 Kg6 74. h8=N+ Kf6 75. Nf7 Qxf7+ 76. Kh8 Qg7#) 64... Kd4 65. Rg6 Kd3 66. Kh5 (66. Rxg5 {gets mated.} Rxg5+ 67. Kxg5 c5 68. Kh6 c4 69. h4 c3 70. h5 Ke4 71. Kg6 c2 72. h6 c1=Q 73. h7 Qc3 74. Kf7 Kf5 75. Kg8 Qc7 76. h8=Q Kg6 77. Qh5+ Kxh5 78. Kf8 Kg6 79. Ke8 Kf6 80. Kf8 Qf7#) 66... Ke2 {White should prevent ...Kf3.} 67. Rf6 (67. Rxg5 {is a self mate.} Rxg5+ 68. Kxg5 c5 69. h4 c4 70. h5 c3 71. Kf6 c2 72. Kf5 c1=Q 73. Kg6 Qf4 74. h6 Ke3 75. h7 Qf8 76. h8=R Qxh8 77. Kf7 Qe5 78. Kg6 Ke4 79. Kf7 Kf5 80. Kg8 Qc7 81. Kh8 Kg6 82. Kg8 Qg7#) 67... Ke3 68. Kg4 Ke4 69. Kh5 Kd4 70. Rg6 Kd3 1/2-1/2

[Event "BL 2016-17"]
[Site "Berlin"]
[Date "2017.04.30"]
[Round "14"]
[White "Zeller, Frank"]
[Black "Baramidze, David"]
[Result "0-1"]
[WhiteElo "2390"]
[BlackElo "2609"]
[Annotator "TA"]
[PlyCount "76"]
[EventDate "2017.??.??"]
[EventType "team-tourn"]
[EventCountry "GER"]
[SourceTitle "playchess.com"]
[Source "ChessBase"]
[SourceQuality "1"]
[WhiteTeam "Schwäbisch Hall"]
[BlackTeam "Hockenheim"]

{[%evp 18,76,10,27,29,0,38,30,30,15,10,22,59,0,0,-38,-40,-38,-40,-50,-26,-97,-91,-70,-74,-156,-143,-168,-160,-163,-131,-177,-166,-305,-305,-271,-158,-354,-280,-274,-247,-267,-249,-370,-350,-804,-428,-385,-331,-412,-322,-634,-345,-442,-197,-29996,-29997,-29997,-29998,-29998,-29999]} 1. e4 c5 2. Nf3 d6 3. d4 cxd4 4. Nxd4 Nf6 5. Nc3 a6 6. Bg5 Nbd7 7. Bc4 e6 8. O-O {B94: Sicilian Najdorf: 6 Bg5 Nbd7} h6 (8... Qa5 9. Qd2 h6 10. Be3 Ne5 11. Bb3 Be7 12. f3 Bd7 13. a4 Rc8 14. Rfd1 Qc7 15. Nce2 Qb8 16. Ng3 Nc4 17. Bxc4 Rxc4 {1-0 (53) Duda,J (2678)-Asis Gargatagli,H (2499) Barcelona 2016}) 9. Bh4 g5 10. Bg3 {LiveBook: 3 Games. The position is equal.} h5 {[%cal Bh6h5,Bh5h4,Bh4h3][%mdl 32]} 11. h4 gxh4 12. Bxh4 Ne5 $1 {[%cal Re5c4]} 13. Bb3 Ng6 14. Bg5 Be7 $1 15. Nf3 (15. Qd2 $1 $14) 15... h4 $146 (15... Nh7) 16. Qd2 b5 17. Rad1 Bb7 18. Rfe1 h3 19. g3 (19. Bxf6 $1 $11 {keeps the balance.} Bxf6 20. g3) 19... Ng4 $1 $17 20. Bxe7 Qxe7 21. Nh2 (21. Qe2 $142) 21... N6e5 {White must now prevent ...Nxh2.} 22. Qe2 Nxh2 23. Kxh2 f5 24. Rd4 {[#] White wants to play exf5.} O-O-O $1 25. Red1 (25. a4 $142) 25... Kb8 $19 26. a4 Rdf8 (26... Rhf8 $19 27. f4 Ng4+ 28. Kh1 e5) 27. f4 $2 ({Don't choose} 27. Rxd6 $2 Ng4+ 28. Kh1 fxe4 29. Qxg4 e3+ 30. Bd5 exf2 $19) (27. Kh1 $17) 27... Ng4+ 28. Kh1 bxa4 29. Bxa4 {[#]} Rc8 $1 30. R1d3 (30. Bb3 $142) 30... h2 {aiming for ...Qc7.} 31. Rb4 $2 (31. Qg2) 31... Ka8 32. Nd1 {Strongly threatening Rdb3.} d5 {[%cal Bd6d5,Bd5d4][%mdl 32]} 33. Rdb3 Qc5 {[%csl Gh2][%cal Rc5g1]} 34. Qf1 $2 (34. Ne3 Nxe3 35. Rxb7) 34... Rh7 {And now ...Ka7 would win.} 35. exf5 exf5 $40 {[%mdl 128] Black has strong attack.} (35... Qxc2 $142 36. Rf3 Qxf5 37. Rxb7 Kxb7) 36. c3 $2 (36. Rxb7 $19 Rxb7 37. Rc3 Qg1+ 38. Qxg1 hxg1=R+ 39. Kxg1 Rxc3 40. Nxc3) 36... d4+ {Black mates.} 37. Rxb7 Qd5+ 38. Qg2 Qxg2+ {Precision: White = 54%, Black = 100%.} 0-1

[Event "BL 2016-17"]
[Site "Berlin"]
[Date "2017.04.30"]
[Round "14"]
[White "Muse, Mladen"]
[Black "Svane, Rasmus"]
[Result "0-1"]
[WhiteElo "2385"]
[BlackElo "2573"]
[Annotator "TA"]
[PlyCount "76"]
[EventDate "2017.??.??"]
[EventType "team-tourn"]
[EventCountry "GER"]
[SourceTitle "playchess.com"]
[Source "ChessBase"]
[SourceQuality "1"]
[WhiteTeam "König Tegel"]
[BlackTeam "Hamburger SK"]

{[%evp 16,76,10,2,4,0,0,-10,-18,-7,-10,-7,-18,-44,-41,-54,-55,-96,-74,-70,-81,-86,-84,-94,-95,-89,-91,-134,-58,-89,-89,-112,-88,-111,-32,-91,-45,-28,-35,-33,-49,-106,-110,-148,-146,-267,-260,-331,-331,-335,-335,-329,-321,-312,-291,-290,-220,-285,-233,-264,-262,-247,-232]} 1. Nf3 d5 2. g3 Bg4 3. Bg2 e6 4. c4 c6 5. cxd5 Bxf3 6. Bxf3 cxd5 7. O-O Nf6 8. Nc3 Nc6 9. d4 Be7 {A11: English Opening: 1...c6} 10. Be3 (10. e3 O-O 11. Bd2 Rc8 12. Rc1 Nd7 13. Ne2 Nb6 14. Nf4 Nc4 15. Bc3 Bb4 16. b3 Nb6 17. Bb2 {1-0 (55) Karjakin,S (2762)-Eljanov,P (2717) Baku 2015}) 10... O-O 11. Rc1 Rc8 {The position is equal.} 12. Qd3 $146 (12. Na4 Nd7 13. Bg2 Bf6 14. Nc5 Nxc5 15. Rxc5 Qb6 16. a4 a6 17. Qd2 {½-½ (49) Fejzovski,E (2151)-Tournier,M (2205) France 2005}) 12... Ne8 {[%cal Bf6e8,Be8d6,Bd6e4,Be4d2][%mdl 32]} 13. Bd2 Nd6 14. b3 f5 15. Na4 Ne4 16. Rfd1 Nxd2 17. Qxd2 Ba3 18. Rc2 {[#]} Nxd4 $1 {[%mdl 512]} 19. Rxc8 (19. Qxd4 Rxc2) 19... Nxf3+ 20. exf3 Qxc8 21. b4 Qc4 (21... b6 $17 {White must now prevent ...Qc4.} 22. Nb2 Bxb2 23. Qxb2 Qd7) 22. Rb1 d4 23. Nc5 {[#]} a5 $1 {[%cal Ra3b4][%mdl 512]} 24. Nb3 {[#]} (24. bxa5 Bxc5) 24... Bxb4 (24... d3 $1 $17 25. bxa5 e5) 25. Qxd4 ({Better is} 25. Nxa5 $15 Bxa5 26. Qxa5) 25... Qc2 26. Rc1 Qxa2 27. Rc7 {[%csl Gc7][%cal Rd4g7]} Rf7 28. Rc8+ {[#]} (28. Qd8+ $15 Bf8 29. Rxf7 Kxf7 30. Nxa5) 28... Bf8 $1 $17 29. Qe3 {[#]} e5 $1 {[%cal Be6e5,Be5e4][%mdl 32]} 30. Nc5 (30. Ra8 $17 {was necessary.}) (30. Qxe5 Qxb3) 30... Qd5 $19 31. Nd3 e4 32. Nf4 Qd1+ 33. Kg2 Qxf3+ 34. Qxf3 exf3+ 35. Kxf3 Re7 36. Nd5 Re6 37. Rb8 a4 38. Rxb7 Ra6 0-1

[Event "BL 2016-17"]
[Site "Berlin"]
[Date "2017.04.30"]
[Round "14"]
[White "Meister, Peter"]
[Black "Capone, Nicola"]
[Result "1/2-1/2"]
[WhiteElo "2371"]
[BlackElo "2349"]
[Annotator "TA"]
[PlyCount "167"]
[EventDate "2017.??.??"]
[EventType "team-tourn"]
[EventCountry "GER"]
[SourceTitle "playchess.com"]
[Source "ChessBase"]
[SourceQuality "1"]
[WhiteTeam "Bayern München"]
[BlackTeam "Aufwärts Aachen"]

{[%evp 24,167,35,0,0,0,0,0,6,0,3,-8,0,-28,-28,-22,-18,-28,0,-39,0,-16,0,0,6,-77,-61,-85,-83,-100,-91,-120,-101,-83,0,-89,-84,-121,-130,-129,-126,-164,-158,-157,-122,-152,-25,-36,-14,-20,-24,-61,-71,-100,-99,-95,-95,-100,-93,-93,-92,-91,-60,-81,-85,-145,-143,-146,-138,-150,-130,-157,-150,-144,-143,-169,-140,-150,-110,-204,-111,-237,-83,-81,-86,-90,-75,-178,-83,-106,-107,-112,-8,-8,-8,-168,0,-55,-52,-68,0,0,5,0,16,0,0,0,0,0,0,0,0,0,0,0,0,0,0,0,0,0,0,0,0,0,0,0,0,0,0,0,0,0,0,0,0,0,0,0,0,0,0,0,0,-29981]} 1. d4 Nf6 2. Nf3 e6 3. e3 d5 4. Bd3 b6 5. b3 Bb7 6. O-O Nbd7 7. Bb2 Be7 8. Nbd2 O-O 9. Qe2 c5 10. c4 Ne4 11. Rfd1 {E14: Queen's Indian: Classical Variation (4 e3)} Nxd2 (11... Qc7 12. cxd5 exd5 13. Rac1 Bf6 14. Nf1 Rac8 15. Ng3 g6 16. Bb5 Bc6 17. Bxc6 Qxc6 18. dxc5 Nxg3 19. hxg3 bxc5 20. Bxf6 Nxf6 {½-½ (57) Short,N (2664)-Ganguly,S (2603) Kolkata 2015}) 12. Rxd2 cxd4 13. exd4 {LiveBook: 3 Games. White is slightly better.} dxc4 $146 (13... Nf6 14. Ne5 Rc8 15. a3 Qc7 16. Re1 Qb8 17. Rdd1 Qa8 18. f3 Bd6 {0-1 (44) Khurtsidze,N (2447)-Charkhalashvili,I (2334) Batumi 2012}) 14. bxc4 Bf6 15. a4 Qc7 16. Qe3 Rfe8 17. Ng5 g6 18. f4 (18. h4 $5 {feels hotter.} Bg7 19. h5 Nf6 20. hxg6 hxg6 21. Rc2) 18... Bg7 19. Nf3 Bxf3 20. Qxf3 (20. gxf3 Bh6 21. Qf2 Bxf4 $17) 20... Rad8 21. Bf1 Nb8 22. Rad1 Re7 23. Ba3 Red7 {[%cal Rg7d4]} 24. Qf2 (24. d5 $11) 24... Qc6 $17 25. a5 Qa4 (25... bxa5 $6 26. Qe3 $11) 26. Bb2 Qxa5 27. g3 Qb4 28. d5 Na6 (28... Bxb2 $17 29. Rxb2 Qe7) 29. Bxg7 (29. Ra1 $1 $11 Nb8 30. Re1) 29... Kxg7 30. Ra2 Nc5 31. Qd4+ Kg8 32. Bh3 Nb3 33. Qf6 Qe7 34. Qc3 Nc5 (34... Qc5+ $17 35. Rf2 Na5) 35. Re1 $11 Qd6 36. Rae2 Re7 {[#]} 37. f5 $1 {[%cal Rf5e6][%mdl 512] [#]} e5 $1 {[%mdl 512]} ({Don't play} 37... gxf5 $6 38. Bxf5 $1 {[%mdl 512]} Red7 39. Qf6 $11 (39. dxe6 fxe6 40. Rxe6 Nxe6 41. Bxe6+ Rf7 $11)) (37... exf5 38. Rxe7) 38. fxg6 (38. Rxe5 Qf6) 38... hxg6 ({Reject} 38... Qxg6 $6 39. Rxe5 Qg7 40. Qe3 Rxe5 41. Qxe5 $11) 39. Rxe5 Qf6 $36 {[%mdl 2048] White is under strong pressure.} 40. Qe3 Rxe5 41. Qxe5 Qxe5 42. Rxe5 $17 {[%mdl 4096] Endgame KRB-KRN} Kf8 43. Re1 a5 {[%cal Ba7a5,Ba5a4][%mdl 32]} 44. Rb1 (44. Bg2 $142) 44... a4 45. Ra1 Ke7 46. Bg4 Kd6 47. Kf2 Re8 48. Ra3 Re4 49. Be2 Ke5 50. h4 Kd4 51. Kf3 (51. g4 $17) 51... Re8 (51... f5 $19 52. Bf1 Re1) 52. Bd1 (52. g4 $17) 52... Kxc4 $2 (52... Ra8 $1 $19 {and Black stays clearly on top.} 53. Be2 Re8) 53. Bxa4 b5 {[%cal Bb6b5,Bb5b4,Bb4b3][%mdl 32]} 54. Bc2 Kxd5 55. Ra7 {[#]} (55. Re3 $17 {was necessary.} Ra8 56. g4) 55... Rf8 (55... Re1 $1 $19 {[%cal Re1c1] has better winning chances. White must now prevent ...Rc1.} 56. h5 gxh5) 56. g4 b4 57. h5 gxh5 (57... b3 $17 58. Bb1 Ke5) 58. gxh5 $11 b3 59. Bb1 $2 {[#]} (59. Bf5 $11 {and White stays safe.}) 59... Ne6 $2 (59... Rh8 $1 $19 {aiming for ...Ke6.} 60. Rxf7 Rxh5 61. Rf5+ Rxf5+ 62. Bxf5 Ke5) 60. Rb7 (60. h6 $11) 60... Kc4 $15 {Hoping for ...Kc3.} 61. Ke3 f5 (61... Kc3 $15 62. h6 Rh8) 62. h6 $11 {The position is equal.} f4+ 63. Kf2 Nd4 64. h7 Nc2 65. Rc7+ Kd3 66. Rg7 {Threatens to win with Rg8.} Rh8 67. Kf3 Kc3 68. Kxf4 Kb2 69. Bxc2 bxc2 {KR-KR} 70. Rb7+ Kc3 71. Rc7+ Kd2 (71... Kb2 $5 72. Rb7+ $8 Kc3 73. Rc7+ Kb2 74. Rb7+ $11) 72. Rd7+ Ke1 73. Rc7 Kd1 (73... Kd2 $5 74. Rd7+ $8 Kc3 75. Rc7+ Kb2 76. Rb7+ Kc3 77. Rc7+ $11) 74. Rd7+ Kc1 75. Rc7 Kb2 (75... Kd2 $5 76. Rd7+ $8 Kc3 77. Rc7+ Kb2 78. Rb7+ Kc3 79. Rc7+ $11) 76. Rb7+ Kc3 77. Rc7+ Kd2 (77... Kb2 $5 78. Rb7+ $8 $11) 78. Rd7+ Ke2 79. Rc7 Kd3 {Strongly threatening ...Rxh7!} (79... Kd2 $5 80. Rd7+ $8 $11) 80. Rd7+ Kc3 81. Rc7+ Kd2 82. Rd7+ Kc1 83. Rc7 Kd2 (83... Kb1 $5 84. Rb7+ $8 Ka2 $11) 84. Ke4 $2 {[%mdl 40960] An unexpected result.} (84. Rd7+ $11 Kc3 85. Rc7+) 1/2-1/2

[Event "BL 2016-17"]
[Site "Berlin"]
[Date "2017.04.30"]
[Round "14"]
[White "Braun, Christian"]
[Black "Reich, Thomas"]
[Result "1/2-1/2"]
[WhiteElo "2356"]
[BlackElo "2367"]
[Annotator "NA"]
[PlyCount "131"]
[EventDate "2017.??.??"]
[EventType "team-tourn"]
[EventCountry "GER"]
[SourceTitle "playchess.com"]
[Source "ChessBase"]
[SourceQuality "1"]
[WhiteTeam "Aufwärts Aachen"]
[BlackTeam "Bayern München"]
[TimeControl "40/6000+30:3000+30"]

1. e4 {[%emt 0:00:00]} c5 {[%emt 0:00:06]} 2. Nf3 {[%emt 0:00:00]} Nc6 {[%emt 0:00:26]} 3. Bb5 {[%emt 0:00:00]} Na5 {[%emt 0:00:22]} 4. b4 {[%emt 0:04:01]} cxb4 {[%emt 0:02:10]} 5. a3 {[%emt 0:02:31]} bxa3 {[%emt 0:00:52]} 6. Bxa3 {[%emt 0:00:38]} e6 {[%emt 0:01:32]} 7. Bxf8 {[%emt 0:01:10]} Kxf8 {[%emt 0:00:05]} 8. d4 {[%emt 0:01:22]} d5 {[%emt 0:02:16]} 9. exd5 {[%emt 0:09:51]} exd5 {[%emt 0:01:12]} 10. O-O {[%emt 0:00:23]} Nf6 {[%emt 0:08:29]} 11. Ne5 {[%emt 0:00:52]} h5 {[%emt 0:05:34]} (11... Be6 $11 {remains equal.}) 12. Qf3 {[%emt 0:02:14]} (12. Qe1 $14 b6 13. Nc6) 12... Kg8 {[%emt 0:05:28]} 13. Nd2 {[%emt 0:07:44]} Be6 {[%emt 0:08:11]} 14. Rfe1 {[%emt 0:01:12]} Rh6 {[%emt 0:02:47]} 15. h3 $11 {[%emt 0:09:02]} Rc8 {[%emt 0:10:58]} 16. Bd3 {[%emt 0:01:50]} a6 {[%emt 0:09:04]} 17. Rab1 {[%emt 0:06:42]} b5 {[%emt 0:02:26]} 18. Qf4 {[%emt 0:02:31]} Nc4 {[%emt 0:02:25]} 19. Nb3 {[%emt 0:02:16]} Qc7 {[%emt 0:11:00]} 20. Ra1 {[%emt 0:05:13]} a5 {[%emt 0:01:54]} 21. Nc5 {[%emt 0:00:20]} Nxe5 {[%emt 0:03:01]} 22. Rxe5 {[%emt 0:00:26]} Nd7 {[%emt 0:02:15]} 23. Nxd7 {[%emt 0:02:24]} Bxd7 {[%emt 0:02:37]} 24. Qd2 {[%emt 0:06:01]} a4 {[%emt 0:08:26]} 25. Rxd5 {[%emt 0:00:44]} Rd6 {[%emt 0:02:56]} 26. Rxh5 {[%emt 0:00:59]} Qc3 {[%emt 0:00:06]} 27. Qxc3 {[%emt 0:05:35]} Rxc3 {[%emt 0:00:04]} 28. Bxb5 {[%emt 0:01:34]} Bxb5 {[%emt 0:00:18]} 29. Rxb5 {[%emt 0:00:07]} Rxd4 {[%emt 0:00:12]} 30. Rb2 {[%emt 0:07:21]} a3 {[%emt 0:03:08]} 31. Rb3 {[%emt 0:00:49]} Rxc2 {[%emt 0:00:06]} 32. Rbxa3 {[%emt 0:00:07]} Rf4 {[%emt 0:00:19]} 33. Rf1 {[%emt 0:00:36]} g6 {[%emt 0:00:42]} 34. g3 {[%emt 0:00:18]} Rfc4 {[%emt 0:00:46]} 35. Raa1 {[%emt 0:00:29]} Rd2 {[%emt 0:00:23]} 36. Kg2 {[%emt 0:00:10]} Rcc2 {[%emt 0:00:05]} 37. Ra4 {[%emt 0:00:21]} Kg7 {[%emt 0:00:18]} 38. h4 {[%emt 0:00:23]} Rb2 {[%emt 0:00:12]} 39. Rg4 {[%emt 0:00:13]} Rd5 {[%emt 0:01:18]} 40. Rf4 {[%emt 0:00:48]} Rd6 {[%emt 0:50:08]} 41. g4 {[%emt 0:51:54]} Rbd2 {[%emt 0:01:10]} 42. Kg3 {[%emt 0:02:35]} R6d3+ {[%emt 0:00:48]} 43. f3 {[%emt 0:00:47]} Rd1 {[%emt 0:00:14]} 44. Rxd1 {[%emt 0:00:40]} Rxd1 {[%emt 0:00:04]} 45. g5 {[%emt 0:01:53]} Ra1 {[%emt 0:01:28]} 46. Rb4 {[%emt 0:01:41]} Rc1 {[%emt 0:00:40]} 47. Rb2 {[%emt 0:00:25]} Ra1 {[%emt 0:00:09]} 48. Rf2 {[%emt 0:00:39]} Ra3 {[%emt 0:01:51]} 49. Rf1 {[%emt 0:00:53]} Rb3 {[%emt 0:00:09]} 50. Kg4 {[%emt 0:00:11]} Ra3 {[%emt 0:00:08]} 51. f4 {[%emt 0:00:44]} f5+ {[%emt 0:00:11]} 52. gxf6+ {[%emt 0:00:05]} Kxf6 {[%emt 0:00:02]} 53. Rb1 {[%emt 0:00:12]} Ra5 {[%emt 0:03:49]} 54. Rb6+ {[%emt 0:00:11]} Kf7 {[%emt 0:00:07]} 55. Rd6 {[%emt 0:00:56]} Rb5 {[%emt 0:00:16]} 56. Rd3 {[%emt 0:00:54]} Kf6 {[%emt 0:00:07]} 57. Re3 {[%emt 0:00:07]} Rb1 {[%emt 0:01:59]} 58. Rg3 {[%emt 0:02:29]} Ra1 {[%emt 0:01:01]} 59. Rh3 {[%emt 0:03:28]} Ra5 {[%emt 0:00:53]} 60. Rb3 {[%emt 0:00:24]} Rc5 {[%emt 0:00:14]} 61. Rb6+ {[%emt 0:01:56]} Kf7 {[%emt 0:00:07]} 62. Rb8 {[%emt 0:02:26]} Ra5 {[%emt 0:00:24]} 63. Rh8 {[%emt 0:00:10]} Rb5 {[%emt 0:01:56]} 64. Rc8 {[%emt 0:04:10]} Ra5 {[%emt 0:01:04]} 65. Rc7+ {[%emt 0:00:20]} Kf6 {[%emt 0:00:08]} 66. Rc6+ {[%emt 0:01:24] Ke5} 1/2-1/2